000 00444nam a22001817a 4500
003 koha_MIRAKIL
005 20231213095415.0
008 231213b |||||||| |||| 00| 0 ||| d
020 _b978-6-05-384002-2
040 _aTR-IsEVY
_btur
_cTR-IsEVY
082 _a810 BRO/U
100 _aBRONTE , EMİLY.
245 0 _aUĞULTULU TEPELER.
260 _bSONSUZ KİTAP,
_c2008
300 _a424.
650 _aTürk Edebiyatı.
942 _2ddc
_cBK
999 _c3101
_d3101